000 00755nam a2200253Ia 4500
003 OSt
005 20220918202610.0
006 a|||||r|||| 00| 0
007 ta
008 220917b |||||||| |||| 00| 0 eng d
024 _a102,461
037 _cTextual
040 _aARTS
_cARTS
_beng
041 _2eng
_aeng
082 _aV25222.L07<-J80, L4 (EV)
100 _aSinha Surendra Nath
245 0 _aSubah of Allahabad under the great Muhgals 1580--1707
260 _aDelhi
_bJamila Millia Istamia
_c1974
300 _av, 238p.
_ccm.
500 _aAppendix p172--219 (A--G); Bibliography p220--228
650 _aHISTORY
942 _hV25222.L07<-J80, L4 (EV)
_cTEXL
_2CC
999 _c225915
_d225915